04174nam a22005295i 4500001001800000003000900018005001700027007001500044008004100059020001800100024003500118050001300153072001700166072002300183072001600206082001500222100008100237245013900318250001800457260007200475300006500547336002600612337002600638338003600664347002400700490004900724505062800773520163301401650001803034650002403052650002503076650002703101650003403128650002003162650002703182650002503209650001403234650005403248700007903302710003403381773002603415776003603441776003603477776003603513830004903549856004603598978-981-19-5864-9DE-He21320250103112331.0cr nn 008mamaa230620s2023 si | s |||| 0|eng d a9789811958649 a10.1007/978-981-19-5864-92doi aGC1-1581 aRBKC2bicssc aSCI0520002bisacsh aRBKC2thema a551.46223 aMcCreary, Julian P.eauthor.4aut4http://id.loc.gov/vocabulary/relators/aut aObservations and Dynamics of Circulations in the North Indian Oceanh[electronic resource] /cby Julian P. McCreary, Satish R. Shetye. a1st ed. 2023. aSingapore :bSpringer Nature Singapore :bImprint: Springer,c2023. aXV, 521 p. 100 illus., 81 illus. in color.bonline resource. atextbtxt2rdacontent acomputerbc2rdamedia aonline resourcebcr2rdacarrier atext filebPDF2rda aAtmosphere, Earth, Ocean & Space,x2524-4418 aPreface -- Introduction -- Observations: atmospheric forcing and ocean response -- Atmospheric circulation -- Ocean forcing and the surface mixed layer -- Ocean response -- PART II: Models 205 -- Ocean models -- PART III: Free waves -- Overview -- Midlatitude waves -- Equatorial waves -- PART IV: Process solutions -- Overview -- Ekman drift and inertial oscillations -- Sverdrup flow and boundary currents -- Interior ocean -- Coastal ocean -- Equatorial ocean: switched-on forcing -- Equatorial Ocean: periodic forcing -- PART V: Applications -- Beams and Undercurrents -- Overturning circulations -- APPENDIX A: Movies. aThe book is the first to focus on the physical oceanography of the North Indian Ocean (NIO), a special region of the global ocean that exhibits a distinct seasonality due to the impact of the South Asian Monsoon (SAM). It is written as a textbook about the NIO for graduate students, lecturers, and researchers in physical oceanography. It will also be useful for courses on the interior, coastal, and equatorial dynamics in any other ocean. It helps readers, particularly new entrants to the field, to gain a comprehensive understanding of tropical-ocean dynamics by: developing from first principles the equation set for the linear continuously stratified (LCS) model, which has long been used to study tropical oceans; and then obtaining solutions that explore different aspects of the dynamics. Part 1 of the book provides an overview of observed ocean circulations and forcing functions in the NIO that are linked to the SAM.Part 2 develops the equations of motion for the LCS model. Part 3 (Free Waves) and Part 4 (Forced Solutions) derive and discuss analytic solutions to the LCS model that illustrate basic processes in the interior (unbounded), coastal, and equatorial regions of the ocean. The last two chapters of Part 4 consider more complicated processes and phenomena that build upon the simpler solutions previously found: vertical propagation of coastal and equatorial waves, and the Indian Ocean's shallow overturning circulations. Each analytic solution is illustrated (and extended) by a suite of numerical LCS solutions presented as video clips, providing a powerful means for visualizing complex processes. aOceanography. aPhysical geography. aAtmospheric science. aMathematical analysis. aMathematicsxData processing. aOcean Sciences. aEarth System Sciences. aAtmospheric Science. aAnalysis. aComputational Mathematics and Numerical Analysis. aShetye, Satish R.eauthor.4aut4http://id.loc.gov/vocabulary/relators/aut aSpringerLink (Online service) tSpringer Nature eBook iPrinted edition:z9789811958632 iPrinted edition:z9789811958656 iPrinted edition:z9789811958663 aAtmosphere, Earth, Ocean & Space,x2524-4418 uhttps://doi.org/10.1007/978-981-19-5864-9